00285nam a2200109Ia 4500008004100000040001700041041001200058082001400070245005300084260002600137300001200163230917s9999||||xx |||||||||||||| ||und|| e156065aMAIN aEnglish a342.7 I8R 0aRural development and human rights in South Asia aLucknowbICJHRIc1984 a280p p.